| 000 | 00441nam a22001817a 4500 | ||
|---|---|---|---|
| 003 | MPLRDC | ||
| 005 | 20220104144126.0 | ||
| 008 | 210129b ||||| |||| 00| 0 eng d | ||
| 082 | _a225 SJC-15 | ||
| 100 | _a释继程 | ||
| 245 |
_a一代人天师范 _c |
||
| 250 | _a一版一刷 | ||
| 260 |
_a _b十方出版社 _c1989 |
||
| 300 | _b平 | ||
| 490 | _a评论系列 | ||
| 650 | _a佛教佈教及信仰生活 | ||
| 942 |
_cBK _o225 SJC-15 |
||
| 999 |
_c46605 _d46595 |
||